Histoire de l'éducation dans l'Antiquité. Tome 1: Le monde grec (Record no. 305)

MARC details
000 -LEADER
fixed length control field 01383nam a2200277 4500
008 - FIXED-LENGTH DATA ELEMENTS--GENERAL INFORMATION
fixed length control field s1981 fr fre u
020 ## - INTERNATIONAL STANDARD BOOK NUMBER
International Standard Book Number 2020060140
020 ## - INTERNATIONAL STANDARD BOOK NUMBER
International Standard Book Number 9782020060141
040 ## - CATALOGING SOURCE
Original cataloging agency LB-BrCRDP
082 1# - DEWEY DECIMAL CLASSIFICATION NUMBER
Classification number 370.9
Item number MAR
100 1# - MAIN ENTRY--PERSONAL NAME
Personal name Marrou, Henri-Irénée
245 10 - TITLE STATEMENT
Title Histoire de l'éducation dans l'Antiquité. Tome 1: Le monde grec
Statement of responsibility, etc. Henri-Irénée Marrou
250 ## - EDITION STATEMENT
Edition statement 7e éd.
260 ## - PUBLICATION, DISTRIBUTION, ETC.
Place of publication, distribution, etc. Paris
Name of publisher, distributor, etc. Seuil
Date of publication, distribution, etc. 1981
300 ## - PHYSICAL DESCRIPTION
Extent 436 p.
Dimensions 18 cm
490 0# - SERIES STATEMENT
Series statement Points Histoire
500 ## - GENERAL NOTE
General note Table des matières, notes complémentaires, références, index.
520 ## - SUMMARY, ETC.
Summary, etc. " L'éducation homérique, l'éducation spartiate, la pédérastie en tant qu'éducation, l'ancienne éducation athénienne, etc.Autant d'ensembles bien centrés sur un problème vivant. Rien de stéréotypé. Beaucoup de grosses questions abordées et, sinon résolues, du moins discutées avec pénétration. Pas de pédantisme. Un réel et solide savoir. Le constant souci de fournir au lecteur le moyen d'en vérifier les sources. D'un mot, un livre éclairant. Capital pour qui veut comprendre, en profondeur, les sociétés de l'antiquité classique.
650 4# - SUBJECT ADDED ENTRY--TOPICAL TERM
Topical term or geographic name entry element Education classique
650 4# - SUBJECT ADDED ENTRY--TOPICAL TERM
Topical term or geographic name entry element Evolution de l'éducation
650 4# - SUBJECT ADDED ENTRY--TOPICAL TERM
Topical term or geographic name entry element Histoire
650 4# - SUBJECT ADDED ENTRY--TOPICAL TERM
Topical term or geographic name entry element Sciences politiques
650 4# - SUBJECT ADDED ENTRY--TOPICAL TERM
Topical term or geographic name entry element Antiquité
942 ## - ADDED ENTRY ELEMENTS (KOHA)
Koha item type Books
Holdings
Withdrawn status Lost status Source of classification or shelving scheme Damaged status Not for loan Home library Current library Shelving location Date acquired Source of acquisition Cost, normal purchase price Total Checkouts Full call number Barcode Date last seen Copy number Price effective from Koha item type
    Dewey Decimal Classification     مكتبة دار المعلمين و المعلمات - النبطية مكتبة دار المعلمين و المعلمات - النبطية Salle de Lecture 12/10/2005 Ambassade de France 0.00   370.9 MAR. CRN293 07/28/2016 1 07/28/2016 Books
    Dewey Decimal Classification     مكتبة دار المعلمين و المعلمات - جونية مكتبة دار المعلمين و المعلمات - جونية Salle de Lecture 12/10/2005 Ambassade de France 0.00   370.9 MAR. CRJ293 07/27/2016 1 07/27/2016 Books
    Dewey Decimal Classification     مكتبة دار المعلمين و المعلمات - زحلة مكتبة دار المعلمين و المعلمات - زحلة Salle de Lecture 11/30/2005 Amb. de France 0.00   370.9 MAR CRZ308 07/26/2016 1 07/26/2016 Books
    Dewey Decimal Classification     مكتبة دار المعلمين و المعلمات - صيدا مكتبة دار المعلمين و المعلمات - صيدا Salle de Lecture 10/19/2006 Ambassade de France 0.00   938 MAR CRS1390 07/28/2016 1 07/28/2016 Books
    Dewey Decimal Classification     مكتبة دار المعلمين و المعلمات - طرابلس مكتبة دار المعلمين و المعلمات - طرابلس Salle de Lecture 01/17/2006 Ambassade de France 0.00   370 MAR CRT581 07/27/2016 1 07/27/2016 Books
    Dewey Decimal Classification     مكتبة دار المعلمين و المعلمات - طرابلس مكتبة دار المعلمين و المعلمات - طرابلس Salle de Lecture 01/17/2006 Ambassade de France 0.00   370 MAR CRT582 07/27/2016 1 07/27/2016 Books